Welcome to CU Library Online Public Access Catalogue (OPAC)

SENSE AND SENSIBILITY (Record no. 7619)

MARC details
000 -LEADER
fixed length control field 00341nam a22001337a 4500
005 - DATE AND TIME OF LATEST TRANSACTION
control field 20250920112220.0
008 - FIXED-LENGTH DATA ELEMENTS--GENERAL INFORMATION
fixed length control field 250920b |||||||| |||| 00| 0 eng d
050 ## - LIBRARY OF CONGRESS CALL NUMBER
Classification number PR4034
Item number S4 SEN
100 ## - MAIN ENTRY--PERSONAL NAME
Personal name AUSTEN JANE
245 ## - TITLE STATEMENT
Title SENSE AND SENSIBILITY
260 ## - PUBLICATION, DISTRIBUTION, ETC.
Place of publication, distribution, etc. LONDON
Name of publisher, distributor, etc. OXFORD UNIVERSITY PRESS
Date of publication, distribution, etc. c1967
300 ## - PHYSICAL DESCRIPTION
Extent xiv, 364p
942 ## - ADDED ENTRY ELEMENTS (KOHA)
Source of classification or shelving scheme Library of Congress Classification
Koha item type Books
Suppress in OPAC No
999 ## -
-- 7619
-- 7619
Holdings
Withdrawn status Lost status Source of classification or shelving scheme Damaged status Not for loan Collection Home library Current library Shelving location Date acquired Total checkouts Full call number Barcode Date last seen Copy number Price effective from Koha item type
    Library of Congress Classification     Fiction Undergraduate Library (Christ Temple) Undergraduate Library (Christ Temple) General stacks 09/20/2025   PR4034.S4 SEN ulct00004886 09/20/2025 1 09/20/2025 Books
© 2023-2024 Copyright: Central University Libraries. All Rights Reserved | Created by: Mahone Tech Office